Heavy Metal Artists by Album - Statistics

General Stats
  • This quiz has been taken 261 times
  • The average score is 24 of 75
Answer Stats
Album Artist % Correct
Ride the Lightning Metallica
97%
Rust in Peace Megadeth
92%
South of Heaven Slayer
89%
Brave New World Iron Maiden
87%
Vulgar Display of Power Pantera
86%
Appetite for Destruction Guns n' Roses
78%
Defenders of the Faith Judas Priest
76%
Headless Cross Black Sabbath
69%
The Sound of Perseverance Death
64%
For All Kings Anthrax
60%
Iron Fist Motorhead
59%
Operation Mindcrime Queensryche
56%
The Last in Line Dio
55%
Heartwork Carcass
52%
Agent Orange Sodom
51%
Abigail II: The Revenge King Diamond
47%
Don't Break the Oath Mercyful Fate
47%
The Ultimate Sin Ozzy Osbourne
47%
The New Order Testament
46%
Altars of Madness Morbid Angel
45%
Facelift Alice in Chains
41%
Pink Bubbles Go Ape Helloween
41%
To Mega Therion Celtic Frost
40%
Long Live Rock n' Roll Rainbow
40%
Wolverine Blues Entombed
39%
Astro Creep: 2000 White Zombie
38%
The Jester Race In Flames
37%
My Arms, Your Hearse Opeth
37%
October Rust Type O Negative
37%
The Crimson Idol WASP
36%
Unto the Locust Machine Head
35%
Hall of the Mountain King Savatage
34%
Strong Arm of the Law Saxon
34%
Panzerfaust Darkthrone
33%
Phantom Antichrist Kreator
33%
Anthems to the Welkin at Dusk Emperor
31%
Come Taste the Band Deep Purple
29%
Lightning to the Nations Diamond Head
28%
Still Cyco After All These Years Suicidal Tendencies
28%
Stormblast Dimmu Borgir
26%
King for a Day, Fool for a Lifetime Faith No More
26%
Nothingface Voivod
25%
Raise Your Fist & Yell Alice Cooper
23%
Grom Behemoth
23%
Lucifuge Danzig
23%
Mental Vortex Coroner
20%
Black Rose: A Rock Legend Thin Lizzy
20%
Soul of a New Machine Fear Factory
19%
Bergtatt Ulver
19%
Under Lock & Key Dokken
15%
Isa Enslaved
14%
Crest of a Knave Jethro Tull
14%
Unquestionable Presence Atheist
13%
Beg to Differ Prong
13%
Soldiers Under Command Stryper
13%
Meantime Helmet
11%
Tyranny & Mutation Blue Oyster Cult
10%
Take as Needed for Pain Eyehategod
10%
Disco Volante Mr. Bungle
10%
No Cross, No Crown Corrosion of Conformity
9%
The Ride Majestic Soilwork
9%
Born Too Late St. Vitus
9%
Odd Fellows Rest Crowbar
8%
Climbing! Mountain
8%
The Olden Domain Borknagar
7%
Mr. Universe Gillan
6%
Snakes for the Divine High on Fire
6%
Suspended Animation Fantomas
5%
The Pagan Prosperity Old Man's Child
5%
Mit Gas Tomahawk
5%
California Crossing Fu Manchu
4%
Paper Money Montrose
3%
Scattered, Smothered, & Covered Unsane
3%
Live Fast, Die Fast Wolfsbane
3%
WTF? KMFDM
2%
No matching quizzes found
Score Distribution
Percent of People with Each Score
Percentile by Number Answered
Your Score History
You have not taken this quiz